Central Library OPAC University of Rajshahi
Normal view MARC view

Entry Topical Term

Number of records used in: 2

001 - CONTROL NUMBER

  • control field: 7920

003 - CONTROL NUMBER IDENTIFIER

  • control field: BD-RjUL

005 - DATE AND TIME OF LATEST TRANSACTION

  • control field: 20230619143137.0

008 - FIXED-LENGTH DATA ELEMENTS

  • fixed length control field: 230619|| aca||aabn | a|a d

040 ## - CATALOGING SOURCE

  • Original cataloging agency: BD-RjUL
  • Transcribing agency: BD-RjUL

150 ## - HEADING--TOPICAL TERM

  • Topical term or geographic name entry element: Chemistry, Physical and theoretical

670 ## - SOURCE DATA FOUND

  • Source citation: Work cat.: (BD-RjUL)81529: Gaud, R. S. 7919, Practical Physical Pharmacy : , 2001, [reprint 2016]